| 000 -LEADER |
| fixed length control field |
01680 a2200265 4500 |
| 003 - CONTROL NUMBER IDENTIFIER |
| control field |
Nust |
| 005 - DATE AND TIME OF LATEST TRANSACTION |
| control field |
20170207154047.0 |
| 010 ## - LIBRARY OF CONGRESS CONTROL NUMBER |
| LC control number |
2009042661 |
| 020 ## - INTERNATIONAL STANDARD BOOK NUMBER |
| International Standard Book Number |
0321639634 (pbk. : alk. paper) |
| 020 ## - INTERNATIONAL STANDARD BOOK NUMBER |
| International Standard Book Number |
9780321639639 (pbk. : alk. paper) |
| 035 ## - SYSTEM CONTROL NUMBER |
| System control number |
(OCoLC)ocn318420976 |
| 040 ## - CATALOGING SOURCE |
| Transcribing agency |
Nust |
| 082 00 - DEWEY DECIMAL CLASSIFICATION NUMBER |
| Classification number |
005.26 |
| 100 1# - MAIN ENTRY--PERSONAL NAME |
| Personal name |
David Chisnall. |
| 245 10 - TITLE STATEMENT |
| Title |
Cocoa programming developer's handbook (E-Book) |
| Statement of responsibility, etc. |
David Chisnall. |
| 260 ## - PUBLICATION, DISTRIBUTION, ETC. |
| Place of publication, distribution, etc. |
Upper Saddle River, NJ : |
| Name of publisher, distributor, etc. |
Addison-Wesley, |
| Date of publication, distribution, etc. |
c2010. |
| 300 ## - PHYSICAL DESCRIPTION |
| Extent |
xxviii, 896 p. : |
| Other physical details |
ill. ; |
| Dimensions |
23 cm. |
| 490 1# - SERIES STATEMENT |
| Series statement |
Developer's library |
| 505 ## - FORMATTED CONTENTS NOTE |
| Formatted contents note |
Introducing Cocoa (page-1), Cocoa Language Options (page-17), Using Apple’s Developer Tools (page-27), Foundation: The Objective-C Standard Library (page-79), Application Concepts (page-133), Creating Graphical User Interfaces (page-159), Windows and Menus (page-203), Text in Cocoa (page-245), Creating Document-Driven Applications (page-287), Core Data (page-329), Working with Structured Data (page-353), Dynamic Views (page-395), Custom Views (page-433), Sound and Video (page-493), Advanced Visual Effects(page-521), Supporting PDF and HTML (page-555), Searching and Filtering (page-591), Contacts, Calendars, and Secrets (page-637), Pasteboards (page-675), Services (page-707), Adding Scripting (page-721), Networking (page-753), Concurrency (page-787), Portable Cocoa (page-825), Advanced Tricks (page-837). |
| 650 #0 - SUBJECT ADDED ENTRY--TOPICAL TERM |
| Topical term or geographic name entry element |
Application program interfaces (Computer software) |
| 650 #0 - SUBJECT ADDED ENTRY--TOPICAL TERM |
| Topical term or geographic name entry element |
Cocoa (Application development environment) |
| 650 #0 - SUBJECT ADDED ENTRY--TOPICAL TERM |
| Topical term or geographic name entry element |
Object-oriented programming (Computer science) |
| 651 ## - SUBJECT ADDED ENTRY--GEOGRAPHIC NAME |
| Geographic name |
(E-Book) |
| 830 #0 - SERIES ADDED ENTRY--UNIFORM TITLE |
| Uniform title |
Developer's library. |
| 942 ## - ADDED ENTRY ELEMENTS (KOHA) |
| Source of classification or shelving scheme |
|
| Koha item type |
Book |